| 000 | 00917cam a22002654a 4500 | ||
|---|---|---|---|
| 005 | 20160108102923.0 | ||
| 008 | 030211t2003 -uk frb 001 0 eng | ||
| 020 | _a0521820049 | ||
| 020 | _a0521526280 (pb.) | ||
| 040 |
_aDLC _cDLC _dDLC _dCO-BoIAVH |
||
| 041 | 0 | _aeng | |
| 042 | _apcc | ||
| 044 | _axxk | ||
| 082 | 0 | 4 |
_a569.8 _bS49f |
| 100 | 1 |
_aSetchell, Joanna M. _eEditor |
|
| 245 | 1 | 0 |
_aField and laboratory methods in primatology : _ba practical guide / _cedited by Joanna M. Setchell and Deborah J. Curtis. |
| 260 |
_aCambridge ; _aNew York : _bCambridge University Press, _cc2003. |
||
| 300 |
_axxv, 343 páginas ; _c24 x 16 cm. |
||
| 504 | _aIncludes bibliographical references and index. | ||
| 650 | 0 |
_aPrimates _xResearch _xMethodology. |
|
| 650 | 0 | _aPrimatology. | |
| 650 | 4 |
_aPrimates _x Investigaciones |
|
| 700 | 1 |
_aCurtis, Deborah J., _d1964- |
|
| 942 |
_2ddc _cLIBRO |
||
| 999 |
_c5456 _d5456 |
||